000 00664nam a2200181Ia 4500
008 090124s9999 xx 000 0 und d
082 _b24721
100 _aबेडेकर विश्राम
245 _a संगीत ब्रम्हकुमारी
250 _a2
260 _b"पॉप्युलर प्रकाशन ,बाँम्बे"
_c1986
300 _a124
600 _aबेडेकर विश्राम
630 _a संगीत ब्रम्हकुमारी
700 _aबेडेकर विश्राम
730 _a संगीत ब्रम्हकुमारी
942 _cBOOK
999 _c93173
_d93173